000 00805nam a22002297a 4500
999 _c33815
_d33815
001 3110
003 CO-MdFUSB
005 20180622073131.0
008 180502t1965 xxu||||| |||| 00| 0 eng d
040 _aCO-MdFUSB
_bspa
_cCO-MdFUSB
_dCO-MdFUSBC
_erda
041 0 _aeng
_hgrc
082 0 4 _aG 229 O982t
100 1 _aMetzger, Bruce M. (Manning)
_eautor
245 1 4 _aThe apocrypha
_b: Of the Old Testament revised standard version, expanded edition containing the third and fourth books of the Maccadees and Psalm 151
_c / Bruce M. Metzger
264 4 _aNew York :
_bOxford University,
_c©1965
300 _axxiv, 340 Pag.
336 _2rdacontent
_atexto
_btxt
337 _2rdamedia
_asin mediación
_bn
338 _2rdacarrier
_avolumen
_bnc
653 _aBiblia A.T. - Libros apócrifos
942 _cBK